| 000 | 01107cam a2200313 i 4500 | ||
|---|---|---|---|
| 001 | 14673859 | ||
| 003 | EG-ScBUE | ||
| 005 | 20250309100626.0 | ||
| 008 | 061218t2007 gw a f b 001 0 eng d | ||
| 020 | _a9783540462156 (pbk. : acidfree paper) | ||
| 035 | _a(OCoLC)ocm75927465 | ||
| 040 |
_aOHX _beng _erda _cOHX _dBAKER _dBTCTA _dYDXCP _dUAT _dDLC _dEG-ScBUE |
||
| 082 | 0 | 4 |
_a530.12 _222 _bBES |
| 100 | 1 |
_aBáes, Daniel R., _eauthor. |
|
| 245 | 1 | 0 |
_aQuantum mechanics : _ba modern and concise introductory course / _cDaniel R. Bes. |
| 250 | _aSecond edition. | ||
| 250 | _aRevised edition. | ||
| 264 | 1 |
_aBerlin ; _aNew York : _bSpringer, _c[2007] |
|
| 264 | 4 | _cc2007 | |
| 300 |
_axix, 239 pages : _bcolor illustrations ; _c24 cm |
||
| 336 |
_2rdacontent _atext _btxt |
||
| 337 |
_aunmediated _2rdamedia _bn |
||
| 338 |
_avolume _bnc _2rdacarrier |
||
| 504 | _aIncludes bibliographical references and index. | ||
| 650 | 7 |
_aQuantum theory. _2BUEsh |
|
| 655 | _vReading book | ||
| 942 |
_2ddc _cBB |
||
| 999 |
_c10520 _d10520 |
||